00809nam a2200181 a 450000100100000000500170001000800410002704000250006808200150009324500740010826000630018230000280024550000420027359000750031570000340039095201860042499900170061000003477820200930073910.0111019s1984 cc a 000 0 spa d aDO-SdBNPbspacBNPHU axxxxbxxxx03aEl pájaro maravilloso. /ctraducido del chino por Laura A. Rovetta. aBeijing, China :bEdiciones de lenguas extranjeras,c1984. a143 p. :bil. ;c21 cm. aIncluye notas al pie de las páginas aPerteneció a la biblioteca personal de Juan Isidro Jimenes Grullón1 aRovetta, Laura A.etr.960270 001050718MOaGRbGRcHDd2011-10-19iLF1l0oxxxx xxxxp34778-10r2020-06-25w2020-06-25y1zPerteneció a la biblioteca personal de Juan Isidro Jimenes Grullón.ZNo se presta c34269d34269